[Event "Oberliga Nord W 1314"]
[Site "Germany"]
[Date "2013.10.13"]
[Round "1.6"]
[White "Rick, Uwe"]
[Black "Israel, Jens"]
[Result "1/2-1/2"]
[WhiteElo "2198"]
[BlackElo "2174"]
[PlyCount "87"]
[EventDate "2013.10.13"]
[EventType "team-tourn"]
[EventRounds "9"]
[EventCountry "GER"]
[SourceTitle "EXT 2015"]
[Source "ChessBase"]
[SourceDate "2014.11.20"]
[SourceVersion "1"]
[SourceVersionDate "2014.11.20"]
[SourceQuality "1"]
[WhiteTeam "Lueneburg Turm"]
[BlackTeam "Braunschweig"]
[WhiteTeamCountry "GER"]
[BlackTeamCountry "GER"]

1. d4 Nf6 2. Nf3 e6 3. c4 b6 4. a3 Bb7 5. Bg5 Be7 6. Nc3 d5 7. e3 0-0 8. Bd3 Nbd7 9. 0-0 c5 10. cxd5 Nxd5 11. Bxe7 Qxe7 12. Ne4 cxd4 13. exd4 Rfd8 14. Re1 N7f6 15. Ng3 Nf4 16. Bf1 Qd6 17. Rc1 Rac8 18. Ne5 Qd5 19. Rxc8 Rxc8 20. f3 Rd8 21. Ne4 Qxd4+ 22. Qxd4 Rxd4 23. Ng5 Ng6 24. Ngxf7 Nxe5 25. Nxe5 Kf8 26. Rc1 Nd5 27. Bd3 h6 28. Be4 Nf4 29. Ng6+ Nxg6 30. Bxg6 Ke7 31. Rc7+ Rd7 32. Rxd7+ Kxd7 33. Kf2 Kd6 34. Ke3 e5 35. Be4 Ba6 36. b4 Bc8 37. g3 Be6 38. Kd3 g5 39. Ke3 Ke7 40. Bb7 Bf5 41. Ba6 Bg6 42. Bd3 Be8 43. Be4 Bf7 44. Bf5 1/2-1/2

[Event "Oberliga Nord W 1213"]
[Site "Germany"]
[Date "2013.01.13"]
[Round "5.5"]
[White "Israel, Jens"]
[Black "Nodorp, Dieter"]
[Result "1/2-1/2"]
[WhiteElo "2192"]
[BlackElo "2119"]
[PlyCount "53"]
[EventDate "2012.10.14"]
[EventType "team-tourn"]
[EventRounds "9"]
[EventCountry "GER"]
[SourceTitle "EXT 2014"]
[Source "ChessBase"]
[SourceDate "2013.11.20"]
[SourceVersion "1"]
[SourceVersionDate "2013.11.20"]
[SourceQuality "1"]
[WhiteTeam "Braunschweig Gliesmarode"]
[BlackTeam "Stade"]
[WhiteTeamCountry "GER"]
[BlackTeamCountry "GER"]

1. d4 d5 2. c4 dxc4 3. Nf3 Nf6 4. e3 Bg4 5. Bxc4 e6 6. 0-0 Nbd7 7. Nc3 Bd6 8. Be2 0-0 9. b3 a6 10. Bb2 Qe7 11. Rc1 Rfd8 12. Qc2 Rac8 13. Na4 Bf5 14. Bd3 Bxd3 15. Qxd3 b5 16. Nc3 c5 17. Rfd1 cxd4 18. Nxd4 Ne5 19. Qe2 Ba3 20. h3 Bxb2 21. Qxb2 h6 22. Nce2 Rxc1 23. Qxc1 Qb7 24. Ng3 Nc6 25. Nxc6 Rxd1+ 26. Qxd1 Qxc6 27. Qd2 1/2-1/2

[Event "Oberliga Nord W 1112"]
[Site "Germany"]
[Date "2012.01.15"]
[Round "5.6"]
[White "Israel, Jens"]
[Black "Schmidt, Dennis"]
[Result "1/2-1/2"]
[WhiteElo "2193"]
[BlackElo "2078"]
[PlyCount "36"]
[EventDate "2011.10.02"]
[EventType "team-tourn"]
[EventRounds "9"]
[EventCountry "GER"]
[SourceTitle "EXT 2013"]
[Source "ChessBase"]
[SourceDate "2012.11.22"]
[SourceVersion "1"]
[SourceVersionDate "2012.11.22"]
[SourceQuality "1"]
[WhiteTeam "Braunschweig Gliesmarode"]
[BlackTeam "Hameln"]
[WhiteTeamCountry "GER"]
[BlackTeamCountry "GER"]

1. d4 d5 2. c4 c6 3. Nf3 Nf6 4. Nc3 e6 5. e3 Nbd7 6. Bd3 Bd6 7. 0-0 0-0 8. e4 dxc4 9. Bxc4 e5 10. Bg5 h6 11. Bh4 Qe7 12. Bg3 Nh5 13. dxe5 Bb8 14. e6 fxe6 15. Bxb8 Rxb8 16. Nd4 Nf4 17. Nf3 b5 18. Bb3 c5 1/2-1/2

[Event "Oberliga Nord W 1011"]
[Site "Germany"]
[Date "2011.04.10"]
[Round "9.5"]
[White "Neumair, Jerome"]
[Black "Israel, Jens"]
[Result "1/2-1/2"]
[WhiteElo "2055"]
[BlackElo "2205"]
[PlyCount "54"]
[EventDate "2010.10.10"]
[EventType "team-tourn"]
[EventRounds "9"]
[EventCountry "GER"]
[SourceTitle "EXT 2012"]
[Source "ChessBase"]
[SourceDate "2011.11.24"]
[SourceVersion "1"]
[SourceVersionDate "2011.11.24"]
[SourceQuality "1"]
[WhiteTeam "Hannover PSC"]
[BlackTeam "Braunschweig Gliesmarode"]
[WhiteTeamCountry "GER"]
[BlackTeamCountry "GER"]

1. d4 Nf6 2. c4 e6 3. Nc3 d5 4. Bg5 Be7 5. cxd5 exd5 6. e3 0-0 7. Bd3 Nbd7 8. Nge2 b6 9. 0-0 Bb7 10. f3 c5 11. Ng3 g6 12. Bf4 a6 13. Qd2 Re8 14. Rad1 Nf8 15. Nge2 Ne6 16. Be5 Nd7 17. Kh1 Bc6 18. Bc2 Ra7 19. Bb3 c4 20. Bc2 b5 21. e4 Nxe5 22. dxe5 d4 23. Nxd4 Nxd4 24. Qxd4 Qxd4 25. Rxd4 Bc5 26. Rd2 Rxe5 27. Rfd1 Re8 1/2-1/2

[Event "Oberliga Nord W 1011"]
[Site "Germany"]
[Date "2011.03.20"]
[Round "8.4"]
[White "Baisakow, Alexander"]
[Black "Israel, Jens"]
[Result "1/2-1/2"]
[WhiteElo "2147"]
[BlackElo "2205"]
[PlyCount "90"]
[EventDate "2010.10.10"]
[EventType "team-tourn"]
[EventRounds "9"]
[EventCountry "GER"]
[SourceTitle "EXT 2012"]
[Source "ChessBase"]
[SourceDate "2011.11.24"]
[SourceVersion "1"]
[SourceVersionDate "2011.11.24"]
[SourceQuality "1"]
[WhiteTeam "Nordhorn Blanke"]
[BlackTeam "Braunschweig Gliesmarode"]
[WhiteTeamCountry "GER"]
[BlackTeamCountry "GER"]

1. e4 e6 2. d4 d5 3. Nd2 Be7 4. c3 Nf6 5. e5 Nfd7 6. Bd3 c5 7. Ne2 Nc6 8. 0-0 0-0 9. Nf3 a5 10. Nf4 b6 11. Re1 Ba6 12. Bb1 Rc8 13. g3 Re8 14. h4 cxd4 15. cxd4 Nf8 16. Kg2 Qd7 17. Nh5 f5 18. exf6 gxf6 19. Bh6 Bd8 20. Ne5 Nxe5 21. dxe5 f5 22. Kh2 Qf7 23. g4 Rc4 24. f4 Ng6 25. gxf5 exf5 26. Rg1 Bc8 27. Bg5 Kh8 28. b3 Rc5 29. Nf6 Rf8 30. Bd3 Be6 31. Qf3 Ne7 32. Bh6 Ng6 33. Bxf8 Qxf8 34. h5 Qh6 35. Rg5 Nxe5 36. fxe5 Qxg5 37. Rg1 Qh4+ 38. Kg2 Bxf6 39. exf6 Qxf6 40. Qf4 Rc8 41. Kf3 Rg8 42. Rxg8+ Kxg8 43. Qb8+ Kg7 44. Qxb6 Qc3 45. Ke2 Qe5+ 1/2-1/2

[Event "Oberliga Nord W 0910"]
[Site "Germany"]
[Date "2009.10.18"]
[Round "1.4"]
[White "Viet, Arend"]
[Black "Israel, Jens"]
[Result "1/2-1/2"]
[WhiteElo "2221"]
[BlackElo "2215"]
[PlyCount "37"]
[EventDate "2009.10.18"]
[EventType "team-tourn"]
[EventRounds "9"]
[EventCountry "GER"]
[SourceTitle "EXT 2011"]
[Source "ChessBase"]
[SourceDate "2010.11.26"]
[SourceVersion "1"]
[SourceVersionDate "2010.11.26"]
[SourceQuality "1"]
[WhiteTeam "Bremer SG"]
[BlackTeam "Braunschweig Gliesmarode"]
[WhiteTeamCountry "GER"]
[BlackTeamCountry "GER"]

1. e4 e6 2. d3 d5 3. Nd2 Nf6 4. Ngf3 Nc6 5. g3 dxe4 6. dxe4 Bc5 7. Bg2 0-0 8. 0-0 e5 9. c3 a5 10. h3 b6 11. Qa4 Bb7 12. Rd1 Qd3 13. Bf1 Qd7 14. a3 Rfd8 15. Kg2 h6 16. Bb5 Qe6 17. Bc4 Qd7 18. Bb5 Qe6 19. Bc4 1/2-1/2

[Event "Oberliga Nord W 0809"]
[Site "Germany"]
[Date "2009.01.18"]
[Round "5.5"]
[White "Kawalec, Andrew"]
[Black "Israel, Jens"]
[Result "0-1"]
[WhiteElo "2093"]
[BlackElo "2197"]
[PlyCount "84"]
[EventDate "2008.10.05"]
[EventType "team-tourn"]
[EventRounds "9"]
[EventCountry "GER"]
[SourceTitle "EXT 2010"]
[Source "ChessBase"]
[SourceDate "2010.11.25"]
[SourceVersion "1"]
[SourceVersionDate "2010.11.25"]
[SourceQuality "1"]
[WhiteTeam "Bremen Nord"]
[BlackTeam "Braunschweig Gliesmarode"]
[WhiteTeamCountry "GER"]
[BlackTeamCountry "GER"]

1. e4 e6 2. Qe2 c5 3. Nf3 Nc6 4. g3 g6 5. Bg2 Bg7 6. 0-0 Nge7 7. c3 d6 8. d3 0-0 9. Be3 e5 10. Nh4 Be6 11. Nd2 Qd7 12. a4 b6 13. f4 Rac8 14. Nc4 f5 15. Rae1 Rce8 16. Bc1 fxe4 17. dxe4 exf4 18. Rxf4 Ne5 19. Nxe5 Bxe5 20. Rxf8+ Rxf8 21. Bh6 Bg7 22. Bxg7 Kxg7 23. Qb5 Nc6 24. Rf1 Rxf1+ 25. Bxf1 Ne5 26. Qxd7+ Bxd7 27. Ng2 Bxa4 28. Ne3 Bc6 29. Bg2 b5 30. Kf1 a5 31. Ke2 h5 32. h4 Kf6 33. Nd1 Bd7 34. Ne3 Be6 35. Kd2 Nc4+ 36. Nxc4 Bxc4 37. Ke3 Ke5 38. Bf3 Be6 39. Bd1 a4 40. Bc2 Bd7 41. Kd3 Bc6 42. Ke3 b4 0-1

[Event "Oberliga Nord W 0809"]
[Site "Germany"]
[Date "2008.10.26"]
[Round "2.5"]
[White "Israel, Jens"]
[Black "Usachyi, Vladimir"]
[Result "1/2-1/2"]
[WhiteElo "2197"]
[BlackElo "2219"]
[PlyCount "56"]
[EventDate "2008.10.05"]
[EventType "team-tourn"]
[EventRounds "9"]
[EventCountry "GER"]
[SourceTitle "EXT 2010"]
[Source "ChessBase"]
[SourceDate "2010.11.25"]
[SourceVersion "1"]
[SourceVersionDate "2010.11.25"]
[SourceQuality "1"]
[WhiteTeam "Braunschweig Gliesmarode"]
[BlackTeam "Hannover PSC"]
[WhiteTeamCountry "GER"]
[BlackTeamCountry "GER"]

1. d4 d6 2. Nf3 Nf6 3. c4 c6 4. Nc3 Nbd7 5. e4 e5 6. Be2 Be7 7. 0-0 0-0 8. Re1 Qc7 9. h3 Re8 10. d5 a6 11. Be3 c5 12. Nd2 Nf8 13. Bg4 Bxg4 14. hxg4 Qd7 15. f3 b5 16. b3 h5 17. gxh5 Nxh5 18. Nf1 Ng6 19. Qd2 Rab8 20. cxb5 axb5 21. a4 bxa4 22. bxa4 Rb4 23. Reb1 Reb8 24. Nb5 Bd8 25. Rxb4 Ba5 26. Qd1 Bxb4 27. Nd2 Bxd2 28. Qxd2 Nhf4 1/2-1/2

[Event "Faakersee op 21st"]
[Site "Latschach"]
[Date "2005.08.19"]
[Round "8"]
[White "Urankar, Hans Peter"]
[Black "Israel, Jens"]
[Result "1-0"]
[WhiteElo "2219"]
[BlackElo "2201"]
[PlyCount "193"]
[EventDate "2005.08.13"]
[EventType "swiss"]
[EventRounds "9"]
[EventCountry "AUT"]
[SourceTitle "EXT 2006"]
[Source "ChessBase"]
[SourceDate "2005.11.24"]
[SourceVersion "1"]
[SourceVersionDate "2005.11.24"]
[SourceQuality "1"]

1. g3 Nf6 2. Bg2 d5 3. Nf3 e6 4. d3 Be7 5. Nbd2 0-0 6. e4 c5 7. 0-0 Nc6 8. Re1 a5 9. a4 dxe4 10. dxe4 b6 11. c3 Ba6 12. Bf1 Bxf1 13. Kxf1 Qd3+ 14. Qe2 Rfd8 15. Kg2 Qxe2 16. Rxe2 Rab8 17. Re1 b5 18. axb5 Rxb5 19. Nc4 Kf8 20. Bg5 h6 21. Bxf6 Bxf6 22. Rad1 Rbb8 23. h4 Rxd1 24. Rxd1 Rd8 25. Rxd8+ Bxd8 26. Kf1 g5 27. hxg5 hxg5 28. Nfe5 Nxe5 29. Nxe5 Ke8 30. Ke2 f6 31. Nc4 Kd7 32. g4 Kc6 33. b3 Bc7 34. Kd3 Bd8 35. Na3 Bc7 36. Kc4 Bh2 37. Nc2 Bg1 38. f3 Bf2 39. Na3 Be3 40. Kd3 Bf4 41. Kc2 Bg3 42. Nc4 Kb5 43. Kd3 Bf4 44. Na3+ Kc6 45. Kc4 Bc1 46. Nc2 Bd2 47. Kd3 Bf4 48. Ne1 Kb5 49. c4+ Kc6 50. Ng2 Be5 51. Ke3 Bd4+ 52. Ke2 Be5 53. Ne1 Bg3 54. Nd3 Kd6 55. Ke3 Be5 56. f4 gxf4+ 57. Nxf4 Bb2 58. Nd3 Bc3 59. Kf4 Bd2+ 60. Kg3 Bg5 61. e5+ fxe5 62. Kf3 Bh4 63. Ke4 Bf6 64. Ne1 Bg5 65. Nf3 Bf6 66. Kd3 e4+ 67. Kxe4 Bb2 68. Ne1 Bf6 69. Nf3 Bc3 70. Kf4 Ke7 71. Kg5 Kf7 72. Kf4 Ke7 73. Ng1 Bd4 74. Ne2 Bf6 75. Ng3 Bb2 76. Ne4 Bd4 77. Kf3 Kd7 78. Ke2 Kc6 79. Kd3 Be5 80. Kc2 Kb6 81. Ng5 Kc6 82. Nxe6 Kd6 83. Ng5 Ke7 84. Kd3 Bf6 85. Nf3 Ke6 86. Kc2 Kd6 87. Kd3 Ke6 88. Ke3 Bc3 89. Ke4 Bf6 90. Ne1 Bd4 91. Ng2 Kd6 92. Kf5 Kc6 93. Ke6 Kb6 94. g5 a4 95. bxa4 Ka5 96. g6 Kxa4 97. Nh4 1-0

[Event "Faakersee op 21st"]
[Site "Latschach"]
[Date "2005.08.18"]
[Round "7"]
[White "Israel, Jens"]
[Black "Saxer, Bernhard"]
[Result "1-0"]
[WhiteElo "2201"]
[BlackElo "2013"]
[PlyCount "105"]
[EventDate "2005.08.13"]
[EventType "swiss"]
[EventRounds "9"]
[EventCountry "AUT"]
[SourceTitle "EXT 2006"]
[Source "ChessBase"]
[SourceDate "2005.11.24"]
[SourceVersion "1"]
[SourceVersionDate "2005.11.24"]
[SourceQuality "1"]

1. d4 Nf6 2. c4 g6 3. Nc3 Bg7 4. e4 0-0 5. f3 d6 6. Be3 Nbd7 7. Qd2 c5 8. Nge2 a6 9. Rd1 Rb8 10. dxc5 dxc5 11. Bxc5 b6 12. Be3 Qc7 13. Nd4 Ne5 14. b3 e6 15. Be2 Bb7 16. 0-0 Rfd8 17. Qc1 Rbc8 18. a4 h5 19. Bg5 Qc5 20. Qe3 Nh7 21. Bxd8 Nc6 22. Nc2 Qxe3+ 23. Nxe3 Nxd8 24. Nb1 Nc6 25. Rd7 Ba8 26. Nc2 Nf8 27. Rd3 e5 28. c5 bxc5 29. Rd6 Rb8 30. Nd2 Bh6 31. Bc4 Nd4 32. Nxd4 cxd4 33. Rd1 Bg5 34. Rxa6 Kg7 35. Ra7 Bb7 36. a5 Be3+ 37. Kf1 d3 38. Rxb7 Rxb7 39. a6 Ra7 40. Nb1 Nd7 41. Rxd3 Bd4 42. Rd2 Nb6 43. Ra2 Nxc4 44. bxc4 Kf6 45. Ra4 Ke6 46. Na3 Bb6 47. Nb5 Ra8 48. c5 Bd8 49. Ke2 Kd7 50. Kd3 Kc6 51. Kc4 Be7 52. Nd6 f6 53. a7 1-0

[Event "Faakersee op 21st"]
[Site "Latschach"]
[Date "2005.08.17"]
[Round "6"]
[White "Rattinger, Friedrich"]
[Black "Israel, Jens"]
[Result "1/2-1/2"]
[WhiteElo "2166"]
[BlackElo "2201"]
[PlyCount "37"]
[EventDate "2005.08.13"]
[EventType "swiss"]
[EventRounds "9"]
[EventCountry "AUT"]
[SourceTitle "EXT 2006"]
[Source "ChessBase"]
[SourceDate "2005.11.24"]
[SourceVersion "1"]
[SourceVersionDate "2005.11.24"]
[SourceQuality "1"]

1. e4 e5 2. Nf3 Nf6 3. Nxe5 d6 4. Nf3 Nxe4 5. c4 Be7 6. Nc3 Nxc3 7. dxc3 0-0 8. Bd3 Nc6 9. Qc2 f5 10. Be3 Qe8 11. 0-0-0 Qf7 12. g4 Ne5 13. Nxe5 dxe5 14. gxf5 Bxf5 15. Bxf5 Qxf5 16. Qxf5 Rxf5 17. Rd7 Bh4 18. Rxc7 Bxf2 19. Bxf2 1/2-1/2

[Event "Oberliga Nord W 0405"]
[Site "Germany"]
[Date "2005.01.30"]
[Round "6.5"]
[White "Kerker, Andreas"]
[Black "Israel, Jens"]
[Result "1-0"]
[WhiteElo "2084"]
[BlackElo "2215"]
[PlyCount "113"]
[EventDate "2004.10.24"]
[EventType "team-tourn"]
[EventRounds "9"]
[EventCountry "GER"]
[SourceTitle "EXT 2006"]
[Source "ChessBase"]
[SourceDate "2005.11.24"]
[SourceVersion "1"]
[SourceVersionDate "2005.11.24"]
[SourceQuality "1"]
[WhiteTeam "Jever"]
[BlackTeam "Braunschweig"]
[WhiteTeamCountry "GER"]
[BlackTeamCountry "GER"]

1. e4 e5 2. Nf3 Nf6 3. Nxe5 d6 4. Nf3 Nxe4 5. d4 d5 6. Bd3 Be7 7. 0-0 Nc6 8. Re1 Bg4 9. c3 f5 10. Nbd2 Qd6 11. Qa4 0-0 12. Bb5 Nxd2 13. Nxd2 Bh4 14. Bxc6 bxc6 15. Nf1 f4 16. Bd2 Qg6 17. Re5 Bf3 18. g3 Qg4 19. Qxc6 fxg3 20. fxg3 Bf6 21. Qe6+ Qxe6 22. Rxe6 Rab8 23. b4 Rb6 24. Rae1 Be4 25. Rxb6 cxb6 26. Re2 Rf7 27. Ne3 Kf8 28. Rf2 Bg5 29. Rxf7+ Kxf7 30. Nf1 Bf6 31. Kf2 Ke6 32. h4 Be7 33. Bf4 Bf6 34. Nd2 Bf5 35. Ke3 Bg4 36. Bb8 a6 37. Bc7 b5 38. Kf4 Bd1 39. Be5 g6 40. Bxf6 Kxf6 41. g4 h6 42. g5+ hxg5+ 43. hxg5+ Ke6 44. Nf1 Bc2 45. Ne3 Bb1 46. Ng4 Bxa2 47. Ne5 Bb1 48. Nc6 Kd6 49. Nb8 Bd3 50. Nxa6 Bf1 51. Nc5 Bc4 52. Nb7+ Kc7 53. Na5 Ba2 54. Ke5 Kd7 55. Kf6 Bb1 56. Nb3 Kd6 57. Nc1 1-0

[Event "Oberliga Nord W 0102"]
[Site "Germany"]
[Date "2002.01.20"]
[Round "4.3"]
[White "Israel, Jens"]
[Black "Karges, Dieter"]
[Result "1/2-1/2"]
[WhiteElo "2213"]
[BlackElo "2224"]
[PlyCount "22"]
[EventDate "2001.10.07"]
[EventType "team"]
[EventRounds "9"]
[EventCountry "GER"]
[SourceTitle "EXT 2003"]
[Source "ChessBase"]
[SourceDate "2002.11.25"]
[SourceVersion "1"]
[SourceVersionDate "2002.11.25"]
[SourceQuality "1"]
[WhiteTeam "Braunschweig SC"]
[BlackTeam "Braunschweig SF"]
[WhiteTeamCountry "GER"]
[BlackTeamCountry "GER"]

1. d4 e6 2. c4 f5 3. g3 Nf6 4. Bg2 d5 5. Nd2 c6 6. Ngf3 Ne4 7. 0-0 Be7 8. Ne5 Nxd2 9. Bxd2 Nd7 10. Bf4 Nxe5 11. Bxe5 Bf6 1/2-1/2

[Event "Oberliga Nord W 0102"]
[Site "Germany"]
[Date "2001.11.25"]
[Round "3.3"]
[White "David, Adrian"]
[Black "Israel, Jens"]
[Result "1/2-1/2"]
[WhiteElo "2305"]
[BlackElo "2213"]
[PlyCount "83"]
[EventDate "2001.10.07"]
[EventType "team"]
[EventRounds "9"]
[EventCountry "GER"]
[SourceTitle "EXT 2003"]
[Source "ChessBase"]
[SourceDate "2002.11.25"]
[SourceVersion "1"]
[SourceVersionDate "2002.11.25"]
[SourceQuality "1"]
[WhiteTeam "Hameln"]
[BlackTeam "Braunschweig SC"]
[WhiteTeamCountry "GER"]
[BlackTeamCountry "GER"]

1. f4 Nf6 2. Nf3 g6 3. g3 Bg7 4. Bg2 d6 5. 0-0 0-0 6. d3 e5 7. e4 Nc6 8. c3 Re8 9. Na3 Be6 10. Ng5 Qd7 11. Nxe6 fxe6 12. Qb3 Rab8 13. Bh3 exf4 14. Bxf4 Nh5 15. Rae1 Nxf4 16. Rxf4 Kh8 17. Ref1 Re7 18. d4 Qe8 19. R4f3 b6 20. Qb5 a5 21. Nc2 Nd8 22. Qd3 Nf7 23. Bg2 Qd7 24. h4 Rf8 25. Bh3 Qe8 26. Ne3 Nd8 27. Ng2 Rxf3 28. Rxf3 Rf7 29. Rxf7 Qxf7 30. Ne1 g5 31. Qf3 gxh4 32. Qxf7 Nxf7 33. gxh4 e5 34. d5 Bf6 35. Nf3 Kg7 36. Kg2 Nh8 37. Bf5 Ng6 38. Kg3 Nf4 39. Ne1 Ng6 40. Ng2 Kh6 41. Kg4 Nf4 42. Nxf4 1/2-1/2

[Event "Oberliga Nord W 0102"]
[Site "Germany"]
[Date "2001.11.11"]
[Round "2.3"]
[White "Israel, Jens"]
[Black "Kiese, Matthias"]
[Result "1/2-1/2"]
[WhiteElo "2213"]
[BlackElo "2227"]
[PlyCount "47"]
[EventDate "2001.10.07"]
[EventType "team"]
[EventRounds "9"]
[EventCountry "GER"]
[SourceTitle "EXT 2003"]
[Source "ChessBase"]
[SourceDate "2002.11.25"]
[SourceVersion "1"]
[SourceVersionDate "2002.11.25"]
[SourceQuality "1"]
[WhiteTeam "Braunschweig SC"]
[BlackTeam "Hannover Post"]
[WhiteTeamCountry "GER"]
[BlackTeamCountry "GER"]

1. d4 d5 2. c4 e6 3. Nc3 Nf6 4. Bg5 Be7 5. e3 0-0 6. Nf3 Nbd7 7. Rc1 c6 8. Qc2 Ne4 9. Bxe7 Qxe7 10. Bd3 Nxc3 11. Qxc3 dxc4 12. Bxc4 b6 13. 0-0 Bb7 14. Rfd1 c5 15. Be2 Rac8 16. Qa3 a6 17. Rd2 Rfd8 18. Rdc2 Qf8 19. dxc5 Nxc5 20. b4 Ne4 21. Rc7 Rxc7 22. Rxc7 Bd5 23. Qb2 Qd6 24. Rc1 1/2-1/2

[Event "Bayern-chI Bank Hofmann 5th"]
[Site "Bad Wiessee"]
[Date "2001.11.02"]
[Round "7"]
[White "Lisko, Frantisek"]
[Black "Israel, Jens"]
[Result "1-0"]
[WhiteElo "2325"]
[BlackElo "2213"]
[PlyCount "43"]
[EventDate "2001.10.27"]
[EventType "swiss"]
[EventRounds "9"]
[EventCountry "GER"]
[SourceTitle "EXT 2003"]
[Source "ChessBase"]
[SourceDate "2002.11.25"]
[SourceVersion "1"]
[SourceVersionDate "2002.11.25"]
[SourceQuality "1"]

1. d4 Nf6 2. c4 e6 3. Nc3 d5 4. cxd5 exd5 5. Bg5 Be7 6. e3 Nbd7 7. Bd3 0-0 8. Nge2 c6 9. Qc2 Re8 10. 0-0 Nf8 11. f3 Ng6 12. Rad1 Be6 13. h3 Rc8 14. e4 c5 15. Bb5 Bd7 16. Bxf6 Bxf6 17. Bxd7 Qxd7 18. Nxd5 cxd4 19. Nxf6+ gxf6 20. Qd2 d3 21. Ng3 Rc2 22. Qxc2 1-0